Оценка детализированного группового состава бензиновых фракций нефтей Западной Сибири

Opis bibliograficzny
Kolejni autorzy: Сваровская Н. А. Наталья Алексеевна, Тихоненко Л. А. Лариса Александровна, Ушева Н. В. Наталья Викторовна, Лихтецкая Н. В. Надежда Васильевна
Streszczenie:Деп. в ЦНИИТЭХНефтехим, 16.05.89, № 145-НХ-89.
Język:rosyjski
Wydane: Томск, 1989
Hasła przedmiotowe:
Format: MixedMaterials Książka
KOHA link:https://koha.lib.tpu.ru/cgi-bin/koha/opac-detail.pl?biblionumber=594447

MARC

LEADER 00000nam0a2200000 4500
001 594447
005 20231101131817.0
029 0 0 |a SU  |b 145-НХ- 89  |f ЦНИИТЭХНефтехим 
035 |a (RuTPU)RU\TPU\tpu\9743 
035 |a RU\TPU\tpu\9742 
090 |a 594447 
100 |a 20021015d1989 m y0rusy50 ca 
101 0 |a rus 
102 |a RU 
105 |a y z 001zy 
200 1 |a Оценка детализированного группового состава бензиновых фракций нефтей Западной Сибири  |f Н. А. Сваровская [и др.] 
210 |a Томск  |d 1989 
215 |a 12 с. 
300 |a Деп. в ЦНИИТЭХНефтехим, 16.05.89, № 145-НХ-89. 
610 1 |a труды учёных ТПУ 
701 1 |a Сваровская  |b Н. А.  |c кандидат технических наук  |c ХТФ  |f 1949-  |g Наталья Алексеевна  |2 stltpush  |3 (RuTPU)RU\TPU\pers\3247 
701 1 |a Тихоненко  |b Л. А.  |c ХТФ  |f 1965-  |g Лариса Александровна  |2 stltpush  |3 (RuTPU)RU\TPU\pers\6621 
701 1 |a Ушева  |b Н. В.  |c кандидат химичеких наук  |c ХТФ  |f 1948-  |g Наталья Викторовна  |2 tpush  |3 (RuTPU)RU\TPU\pers\3202 
701 1 |a Лихтецкая  |b Н. В.  |c ХТФ  |f 1966-  |g Надежда Васильевна  |2 stltpush  |3 (RuTPU)RU\TPU\pers\6629 
801 2 |a RU  |b 63413507  |c 20100215  |g PSBO 
942 |c BK